| 000 | 00539nam a2200205Ia 4500 | ||
|---|---|---|---|
| 008 | 160319s9999 xx 000 0 und d | ||
| 020 | _a9715690165 | ||
| 050 | _a899.21 | ||
| 050 | _bJ62p 1991 | ||
| 100 | _aJoaquin, Nick | ||
| 245 | _aProse and poems/ | ||
| 245 | _cNick Joaquin. | ||
| 260 | _aMakati, Metro Manila : | ||
| 260 | _bBookmark, | ||
| 260 | _c1991 | ||
| 300 | _a475 pages : | ||
| 650 | _a*Short stories, Philippine (English). | ||
| 650 | _aPhilippine drama (English). | ||
| 650 | _aPhilippine poetry (English). | ||
| 999 |
_c292204 _d292204 |
||